[Event "EU-chT Seniors 50"]
[Site "Swidnica"]
[Date "2025.04.12"]
[Round "8.3"]
[White "Flear, Glenn C"]
[Black "Boensch, Uwe"]
[Result "1/2-1/2"]
[WhiteElo "2366"]
[BlackElo "2465"]
[PlyCount "95"]
[EventDate "2025.04.05"]
[EventType "team-tourn"]
[EventRounds "9"]
[EventCountry "POL"]
[SourceTitle "CB16_2025"]
[SourceDate "2025.04.16"]
[SourceVersion "1"]
[SourceVersionDate "2025.04.16"]
[SourceQuality "1"]
[WhiteTeam "England 50"]
[BlackTeam "Germany 50"]
[WhiteTeamCountry "ENG"]
[BlackTeamCountry "GER"]

1. d4 Nf6 2. c4 e6 3. Nc3 d5 4. cxd5 exd5 5. Bg5 c6 6. e3 h6 7. Bh4 Be7 8. Bd3 Nbd7 9. Qc2 0-0 10. Nge2 Re8 11. f3 b5 12. 0-0 a6 13. Rac1 c5 14. dxc5 Nxc5 15. Bxf6 Bxf6 16. Bh7+ Kh8 17. Rfd1 Be6 18. Nxd5 Rc8 19. Bf5 Bxb2 20. Bxe6 fxe6 21. Qxb2 exd5 22. Nf4 Na4 23. Qd4 Qb6 24. Rxc8 Rxc8 25. Nxd5 Qxd4 26. exd4 a5 27. Rd2 b4 28. Kf2 Rd8 29. Ne3 Nc3 30. d5 Kg8 31. d6 a4 32. Nc4 a3 33. d7 b3 34. Nxa3 bxa2 35. Nc2 Kf7 36. Na1 Ke7 37. Rc2 Nd5 38. Rxa2 Rxd7 39. Nb3 Nf6 40. Nc5 Rc7 41. Re2+ Kf7 42. Nd3 Nd7 43. g4 Rc3 44. Nf4 Ra3 45. Rc2 Ne5 46. Rc7+ Kg8 47. Ne6 Rxf3+ 48. Kg2 1/2-1/2

[Event "WchT Seniors 65"]
[Site "Prague"]
[Date "2025.02.19"]
[Round "3.2"]
[White "Renman, Nils Gustaf"]
[Black "Flear, Glenn C"]
[Result "1-0"]
[WhiteElo "2306"]
[BlackElo "2384"]
[PlyCount "65"]
[EventDate "2025.02.17"]
[EventType "team-swiss"]
[EventRounds "9"]
[EventCountry "CZE"]
[SourceTitle "CB09_2025"]
[SourceDate "2025.02.27"]
[SourceVersion "1"]
[SourceVersionDate "2025.02.27"]
[SourceQuality "1"]
[WhiteTeam "Sweden 65"]
[BlackTeam "England 65"]
[WhiteTeamCountry "SWE"]
[BlackTeamCountry "ENG"]

1. d4 Nf6 2. c4 e6 3. Nf3 d5 4. Nc3 Bb4 5. cxd5 exd5 6. Bg5 h6 7. Bh4 c5 8. dxc5 Nc6 9. e3 g5 10. Bg3 Ne4 11. Rc1 0-0 12. Bd3 Nxc3 13. bxc3 Bxc5 14. h4 g4 15. Nd4 Re8 16. 0-0 Bd6 17. Nf5 Bxf5 18. Bxf5 h5 19. Bb1 Ne7 20. Qd3 Ng6 21. Qf5 Qb6 22. Qxh5 Bxg3 23. fxg3 Rxe3 24. Kh2 Rc8 25. Qxg4 Rc4 26. Qg5 Re5 27. Rf5 Qe3 28. Qd8+ Kg7 29. Qf6+ Kh6 30. Qxf7 Rg4 31. Rf3 Qxc1 32. Bxg6 Rxg6 33. Qf8+ 1-0

[Event "WchT Seniors 50"]
[Site "Krakow"]
[Date "2024.07.05"]
[Round "4.3"]
[White "Flear, Glenn C"]
[Black "Arnason, Jon Loftur"]
[Result "1/2-1/2"]
[WhiteElo "2390"]
[BlackElo "2421"]
[PlyCount "133"]
[EventDate "2024.07.02"]
[EventType "team-swiss"]
[EventRounds "9"]
[EventCountry "POL"]
[SourceTitle "CBM 221 Extra"]
[Source "ChessBase"]
[SourceDate "2024.09.30"]
[SourceVersion "1"]
[SourceVersionDate "2024.09.30"]
[SourceQuality "1"]
[WhiteTeam "England 50"]
[BlackTeam "Iceland 50"]
[WhiteTeamCountry "ENG"]
[BlackTeamCountry "ISL"]

1. d4 d5 2. c4 dxc4 3. e3 Nf6 4. Bxc4 e6 5. Nf3 a6 6. Qe2 c5 7. dxc5 Bxc5 8. 0-0 b5 9. Bd3 Nbd7 10. e4 Bb7 11. Nbd2 Be7 12. Nb3 0-0 13. Bd2 b4 14. Rac1 a5 15. Bf4 a4 16. Bc7 Qc8 17. Na5 Nc5 18. Bb6 Bxe4 19. Bxc5 Bxc5 20. Bxe4 Rxa5 21. Ne5 Nxe4 22. Qxe4 Qa8 23. Rfe1 Qxe4 24. Rxe4 Bd6 25. Nc6 Rb5 26. Rcc4 b3 27. axb3 Rxb3 28. Rxa4 Rxb2 29. g3 Bc5 30. Nd4 Rd8 31. Ne2 g6 32. Rac4 Rd5 33. Kf1 Kg7 34. Rc3 Rf5 35. Rf4 Rxf4 36. gxf4 Bb6 37. h3 Kf6 38. Rc4 h5 39. Re4 Bc7 40. Kg2 Bb8 41. Kf3 Ba7 42. Ra4 Bb6 43. Rc4 Ke7 44. Ra4 Kd6 45. Ra3 f5 46. Rd3+ Ke7 47. Nd4 Kf6 48. Kg2 h4 49. Rd1 Rb4 50. Ne2 Bc7 51. Kf3 Rb3+ 52. Kg2 Rb2 53. Kf3 g5 54. fxg5+ Kxg5 55. Nd4 Kf6 56. Re1 e5 57. Re2 Rb1 58. Nc2 Rg1 59. Re1 Rg8 60. Ne3 e4+ 61. Ke2 Ke6 62. Ra1 f4 63. Ra6+ Bd6 64. Nc4 Rd8 65. Nd2 Kd5 66. Ra5+ Bc5 67. Nxe4 1/2-1/2

[Event "WchT Seniors 50"]
[Site "Krakow"]
[Date "2024.07.03"]
[Round "2.2"]
[White "Marinello, Beatriz M"]
[Black "Flear, Glenn C"]
[Result "0-1"]
[WhiteElo "2109"]
[BlackElo "2390"]
[PlyCount "88"]
[EventDate "2024.07.02"]
[EventType "team-swiss"]
[EventRounds "9"]
[EventCountry "POL"]
[SourceTitle "CBM 221 Extra"]
[Source "ChessBase"]
[SourceDate "2024.09.30"]
[SourceVersion "1"]
[SourceVersionDate "2024.09.30"]
[SourceQuality "1"]
[WhiteTeam "USA 50 (W)"]
[BlackTeam "England 50"]
[WhiteTeamCountry "USA"]
[BlackTeamCountry "ENG"]

1. d4 d5 2. Nf3 Nf6 3. e3 g6 4. Be2 Bg7 5. 0-0 0-0 6. b3 c5 7. Bb2 cxd4 8. Nxd4 Re8 9. c4 e5 10. Nf3 Nc6 11. Nbd2 d4 12. exd4 e4 13. Ne1 Nxd4 14. Nc2 Nxe2+ 15. Qxe2 Bg4 16. Qe1 Qd3 17. Nb4 Qd6 18. Nb1 Bf3 19. h3 Ng4 20. hxg4 Bxb2 21. Nd5 Bxa1 22. Nbc3 Bxc3 23. Qxc3 Qe5 24. gxf3 Qxc3 25. Nxc3 exf3 26. Kh2 Rad8 27. Kg3 Kg7 28. Nd5 Re2 29. Ra1 Rb2 30. Kxf3 h6 31. Re1 Rxa2 32. Re7 b5 33. Rb7 bxc4 34. bxc4 a5 35. Ra7 a4 36. Kg2 a3 37. Kf3 Rb8 38. Ke4 Rb3 39. c5 Rc2 40. Kd4 a2 41. Ne3 Rd2+ 42. Kc4 Rb1 43. Kc3 Rxf2 44. Nc2 Rxc2+ 0-1

[Event "EU-chT Seniors 50"]
[Site "Terme Catez"]
[Date "2024.05.13"]
[Round "7.2"]
[White "Petursson, Margeir"]
[Black "Flear, Glenn C"]
[Result "0-1"]
[WhiteElo "2408"]
[BlackElo "2393"]
[PlyCount "110"]
[EventDate "2024.05.07"]
[EventType "team-swiss"]
[EventRounds "9"]
[EventCountry "SLO"]
[SourceTitle "CBM 220 Extra"]
[Source "ChessBase"]
[SourceDate "2024.07.31"]
[SourceVersion "1"]
[SourceVersionDate "2024.07.31"]
[SourceQuality "1"]
[WhiteTeam "Iceland 50"]
[BlackTeam "England 50"]
[WhiteTeamCountry "ISL"]
[BlackTeamCountry "ENG"]

1. Nf3 d5 2. c4 c6 3. e3 Nf6 4. Nc3 e6 5. b3 Nbd7 6. Qc2 Bd6 7. Bb2 Qe7 8. Be2 dxc4 9. bxc4 e5 10. g4 Nxg4 11. Ne4 Bc7 12. c5 Ngf6 13. Nd6+ Bxd6 14. cxd6 Qxd6 15. Rg1 0-0 16. 0-0-0 Re8 17. d4 e4 18. Ne5 Nf8 19. Rg5 Be6 20. Kb1 Rac8 21. Rdg1 g6 22. h4 c5 23. dxc5 Rxc5 24. Qxc5 Qxc5 25. Ng4 Qxg5 26. Nxf6+ Qxf6 27. Bxf6 Rc8 28. Rd1 Nd7 29. Bb2 h5 30. Rd6 a6 31. Bd1 Nc5 32. Bc2 Bc4 33. Rd4 b5 34. a4 Bb3 35. Bxb3 Nxb3 36. Rd6 bxa4 37. Rxa6 Nc5 38. Ra7 Nd3 39. Bd4 Nxf2 40. Rxa4 Ng4 41. Ra7 Kf8 42. Kb2 Nh6 43. Bf6 Nf5 44. Bg5 Rc6 45. Ra8+ Kg7 46. Ra7 Rd6 47. Kc1 Rd3 48. Ra6 Nxe3 49. Bf6+ Kh7 50. Ra8 g5 51. hxg5 Ng4 52. Bb2 e3 53. Kc2 e2 54. Ra1 Rd1 55. Rxd1 Ne3+ 0-1

[Event "EU-chT Seniors 50"]
[Site "Terme Catez"]
[Date "2024.05.10"]
[Round "4.2"]
[White "Van der Werf, Mark"]
[Black "Flear, Glenn C"]
[Result "1/2-1/2"]
[WhiteElo "2407"]
[BlackElo "2393"]
[PlyCount "57"]
[EventDate "2024.05.07"]
[EventType "team-swiss"]
[EventRounds "9"]
[EventCountry "SLO"]
[SourceTitle "CBM 220 Extra"]
[Source "ChessBase"]
[SourceDate "2024.07.31"]
[SourceVersion "1"]
[SourceVersionDate "2024.07.31"]
[SourceQuality "1"]
[WhiteTeam "Netherlands LSG"]
[BlackTeam "England 50"]
[WhiteTeamCountry "NED"]
[BlackTeamCountry "ENG"]

1. d4 d5 2. c4 c6 3. Nc3 Nf6 4. cxd5 cxd5 5. Bf4 Nc6 6. e3 Bf5 7. Qb3 Na5 8. Qa4+ Bd7 9. Qc2 Rc8 10. Nf3 e6 11. Bd3 Be7 12. h3 Nc4 13. 0-0 0-0 14. Ne5 b5 15. Qe2 b4 16. Nb1 Nxe5 17. Bxe5 Ne4 18. Nd2 Nxd2 19. Qxd2 Qb6 20. Qe2 Bd6 21. Bxd6 Qxd6 22. f4 f5 23. Rac1 a5 24. Qd2 Rxc1 25. Rxc1 Rc8 26. Rxc8+ Bxc8 27. Qc2 Ba6 28. Bxa6 Qxa6 29. b3 1/2-1/2

[Event "EU-chT Seniors 50"]
[Site "Terme Catez"]
[Date "2024.05.08"]
[Round "2.2"]
[White "Flear, Glenn C"]
[Black "Miljanic, Boro"]
[Result "0-1"]
[WhiteElo "2393"]
[BlackElo "2343"]
[PlyCount "76"]
[EventDate "2024.05.07"]
[EventType "team-swiss"]
[EventRounds "9"]
[EventCountry "SLO"]
[SourceTitle "CBM 220 Extra"]
[Source "ChessBase"]
[SourceDate "2024.07.31"]
[SourceVersion "1"]
[SourceVersionDate "2024.07.31"]
[SourceQuality "1"]
[WhiteTeam "England 50"]
[BlackTeam "Montenegro 50"]
[WhiteTeamCountry "ENG"]
[BlackTeamCountry "MNE"]

1. d4 Nf6 2. c4 g6 3. Nc3 Bg7 4. e4 d6 5. Be2 0-0 6. Bg5 Nbd7 7. Qd2 e5 8. d5 Nc5 9. f3 c6 10. b4 Na6 11. a3 cxd5 12. cxd5 h6 13. Be3 Nh5 14. Bxa6 bxa6 15. Nge2 Kh7 16. 0-0 f5 17. exf5 gxf5 18. Rac1 Qf6 19. Kh1 Qg6 20. Na4 Rf7 21. Rc4 Bd7 22. Nac3 Rg8 23. Rg1 e4 24. f4 Bxc3 25. Rxc3 Bb5 26. Bd4 Bxe2 27. Qxe2 Nxf4 28. Qxa6 Nd3 29. Rc6 Rd7 30. h3 f4 31. Rc8 Rxc8 32. Qxc8 Rg7 33. g3 Nf2+ 34. Bxf2 e3 35. Be1 f3 36. Bc3 f2 37. Rf1 Qd3 38. Rg1 Qe4+ 0-1

[Event "Lyon ECAM IM"]
[Site "Lyon"]
[Date "2024.04.26"]
[Round "7"]
[White "Flear, Glenn C"]
[Black "Dudognon, Thibault"]
[Result "1/2-1/2"]
[WhiteElo "2400"]
[BlackElo "2415"]
[PlyCount "52"]
[EventDate "2024.04.22"]
[EventType "tourn"]
[EventRounds "9"]
[EventCountry "FRA"]
[EventCategory "5"]
[SourceTitle "CBM 220 Extra"]
[Source "ChessBase"]
[SourceDate "2024.07.31"]
[SourceVersion "1"]
[SourceVersionDate "2024.07.31"]
[SourceQuality "1"]

1. d4 Nf6 2. c4 c5 3. d5 b5 4. cxb5 a6 5. bxa6 e6 6. Nc3 exd5 7. Nxd5 Be7 8. Nf3 0-0 9. Nxe7+ Qxe7 10. e3 Rxa6 11. Be2 Rd6 12. Qa4 Ne4 13. 0-0 Rg6 14. Bd2 Bb7 15. Rad1 Qf6 16. g3 h5 17. Ne1 Qxb2 18. Nd3 Nc3 19. Bxc3 Qxe2 20. Ne5 Ra6 21. Qb3 Ra7 22. Qb6 Qa6 23. Qxc5 Rc8 24. Qe7 Qe6 25. Qxe6 dxe6 26. Bd4 Rxa2 1/2-1/2

[Event "Lyon ECAM IM"]
[Site "Lyon"]
[Date "2024.04.25"]
[Round "5"]
[White "Prie, Eric"]
[Black "Flear, Glenn C"]
[Result "1/2-1/2"]
[WhiteElo "2335"]
[BlackElo "2400"]
[PlyCount "36"]
[EventDate "2024.04.22"]
[EventType "tourn"]
[EventRounds "9"]
[EventCountry "FRA"]
[EventCategory "5"]
[SourceTitle "CBM 220 Extra"]
[Source "ChessBase"]
[SourceDate "2024.07.31"]
[SourceVersion "1"]
[SourceVersionDate "2024.07.31"]
[SourceQuality "1"]

1. d4 d5 2. Nf3 Nf6 3. Bf4 c5 4. e3 Nc6 5. Nbd2 cxd4 6. exd4 Qb6 7. Nb3 Bf5 8. c3 e6 9. h3 Be7 10. Be2 0-0 11. 0-0 Rac8 12. a4 a6 13. Re1 Nb4 14. a5 Qd8 15. Rc1 Nc6 16. Ra1 Nb4 17. Rc1 Nc6 18. Ra1 Nb4 1/2-1/2

[Event "Lyon ECAM IM"]
[Site "Lyon"]
[Date "2024.04.23"]
[Round "2"]
[White "Flear, Glenn C"]
[Black "Mathieu, Phileas"]
[Result "1-0"]
[WhiteElo "2400"]
[BlackElo "2325"]
[PlyCount "105"]
[EventDate "2024.04.22"]
[EventType "tourn"]
[EventRounds "9"]
[EventCountry "FRA"]
[EventCategory "5"]
[SourceTitle "CBM 220 Extra"]
[Source "ChessBase"]
[SourceDate "2024.07.31"]
[SourceVersion "1"]
[SourceVersionDate "2024.07.31"]
[SourceQuality "1"]

1. d4 Nf6 2. c4 e6 3. Nf3 d5 4. Nc3 Be7 5. g3 0-0 6. Bg2 c6 7. 0-0 Nbd7 8. Qd3 b6 9. e4 Ba6 10. b3 Rc8 11. a4 Bb4 12. exd5 Bxc3 13. Qxc3 cxd5 14. Nd2 dxc4 15. Nxc4 Nd5 16. Qd3 Qf6 17. Ba3 Rfd8 18. Rac1 Nb8 19. Rfd1 Nc6 20. Qd2 Nce7 21. Ne5 Bb7 22. Ng4 Qf5 23. Bxe7 Qxg4 24. Bxd8 Rxd8 25. h3 Qg6 26. a5 h5 27. axb6 axb6 28. h4 f5 29. Qg5 Qxg5 30. hxg5 Kf7 31. f4 Rd7 32. Kf2 b5 33. Rc5 b4 34. Ra1 h4 35. Ra7 hxg3+ 36. Kxg3 Ke7 37. Bxd5 Bxd5 38. Rcc7 Rxc7 39. Rxc7+ Kf8 40. g6 Bxb3 41. Rf7+ Ke8 42. Rxg7 Bd5 43. Rg8+ Ke7 44. Kh4 e5 45. Rb8 exf4 46. Rxb4 f3 47. Rb2 Kf6 48. Kh5 f4 49. Kh6 Bc4 50. g7 Kf5 51. d5 Bxd5 52. Rb5 Ke4 53. Rxd5 1-0

[Event "Lyon ECAM IM"]
[Site "Lyon"]
[Date "2024.04.22"]
[Round "1"]
[White "Breuil, Tristan"]
[Black "Flear, Glenn C"]
[Result "1-0"]
[WhiteElo "2281"]
[BlackElo "2400"]
[PlyCount "119"]
[EventDate "2024.04.22"]
[EventType "tourn"]
[EventRounds "9"]
[EventCountry "FRA"]
[EventCategory "5"]
[SourceTitle "CBM 220 Extra"]
[Source "ChessBase"]
[SourceDate "2024.07.31"]
[SourceVersion "1"]
[SourceVersionDate "2024.07.31"]
[SourceQuality "1"]

1. e4 e5 2. Nf3 Nc6 3. Bb5 a6 4. Ba4 Nf6 5. 0-0 b5 6. Bb3 Bc5 7. c3 d6 8. a4 Rb8 9. d4 Bb6 10. a5 Ba7 11. h3 0-0 12. Be3 Ra8 13. Re1 h6 14. Bc2 Re8 15. Nbd2 Bb7 16. d5 Ne7 17. Bxa7 Rxa7 18. c4 c6 19. b3 b4 20. c5 cxd5 21. cxd6 Qxd6 22. Nc4 Qc5 23. exd5 Nexd5 24. Rxe5 Raa8 25. Qd4 Qxd4 26. Rxe8+ Nxe8 27. Nxd4 Nf4 28. f3 g6 29. Ra4 Nd5 30. Be4 Nef6 31. Bxd5 Nxd5 32. Nb6 Rb8 33. Kf2 Ba8 34. Nxa8 Rxa8 35. Nc6 Kg7 36. Nxb4 Nc7 37. Nd3 Rd8 38. Ke3 Nd5+ 39. Kd2 Rb8 40. Nc5 Nb4 41. Kc3 Nd5+ 42. Kd3 Rd8 43. Rd4 Rd6 44. Kd2 Kf6 45. Nxa6 Ke5 46. Re4+ Kf5 47. g4+ Kg5 48. Nc5 Nf6+ 49. Kc2 Kh4 50. Rc4 Kxh3 51. Ne4 Nxe4 52. Rxe4 h5 53. gxh5 gxh5 54. Ra4 Kg3 55. a6 Rd8 56. a7 Ra8 57. b4 h4 58. b5 h3 59. b6 h2 60. b7 1-0

[Event "Pays d'Aix rapid op"]
[Site "Aix en Provence"]
[Date "2023.07.03"]
[Round "5"]
[White "Flear, Glenn C"]
[Black "Bacrot, Etienne"]
[Result "0-1"]
[WhiteElo "2351"]
[BlackElo "2691"]
[PlyCount "54"]
[EventDate "2023.06.18"]
[EventType "swiss (rapid)"]
[EventRounds "9"]
[EventCountry "FRA"]
[SourceTitle "EXT 2025"]
[Source "ChessBase"]
[SourceDate "2024.10.14"]
[SourceVersion "1"]
[SourceVersionDate "2024.10.14"]
[SourceQuality "1"]

1. d4 Nf6 2. c4 e6 3. Nc3 Bb4 4. e3 0-0 5. Bd2 c5 6. a3 Bxc3 7. Bxc3 Ne4 8. Ne2 b6 9. Qc2 Bb7 10. dxc5 bxc5 11. Ng3 Nxc3 12. Qxc3 d6 13. f3 Qe7 14. Be2 a5 15. 0-0 Nd7 16. Rfd1 Rfd8 17. Rd2 Nf6 18. Bd3 d5 19. cxd5 Nxd5 20. Qc1 Nxe3 21. Bxh7+ Kxh7 22. Rxd8 Qxd8 23. Qxe3 Qd4 24. Qxd4 cxd4 25. Rc1 Bd5 26. Ne2 e5 27. Rc5 Rd8 0-1

[Event "Pays d'Aix rapid op"]
[Site "Aix en Provence"]
[Date "2023.07.03"]
[Round "8"]
[White "Solodovnichenko, Yuri"]
[Black "Flear, Glenn C"]
[Result "1-0"]
[WhiteElo "2460"]
[BlackElo "2351"]
[PlyCount "79"]
[EventDate "2023.06.18"]
[EventType "swiss (rapid)"]
[EventRounds "9"]
[EventCountry "FRA"]
[SourceTitle "EXT 2025"]
[Source "ChessBase"]
[SourceDate "2024.10.14"]
[SourceVersion "1"]
[SourceVersionDate "2024.10.14"]
[SourceQuality "1"]

1. e4 e5 2. Nf3 Nc6 3. d4 exd4 4. Nxd4 Bc5 5. Nb3 Bb6 6. Qe2 Nge7 7. Nc3 0-0 8. Be3 f5 9. 0-0-0 d6 10. f4 fxe4 11. g3 Qe8 12. Bxb6 axb6 13. a3 Qg6 14. Qxe4 Bf5 15. Qc4+ Be6 16. Qb5 Nf5 17. Bc4 Bxc4 18. Qxc4+ Qf7 19. Qxf7+ Rxf7 20. Rhe1 h5 21. Nd5 Kf8 22. Nd2 Re8 23. Ne4 Rc8 24. Ng5 Rd7 25. Rd2 Nce7 26. Nb4 Ng8 27. Nh7+ Kf7 28. Rde2 Nf6 29. Nxf6 gxf6 30. Nd5 Rf8 31. h3 Kg7 32. g4 hxg4 33. hxg4 Nh6 34. f5 Rff7 35. Re6 Ng8 36. c4 Rd8 37. Kc2 Nh6 38. Nf4 Kh7 39. Rh1 Rh8 40. g5 1-0

[Event "Pays d'Aix rapid op"]
[Site "Aix en Provence"]
[Date "2023.06.20"]
[Round "4"]
[White "Fridman, Daniel"]
[Black "Flear, Glenn C"]
[Result "0-1"]
[WhiteElo "2535"]
[BlackElo "2351"]
[PlyCount "85"]
[EventDate "2023.06.18"]
[EventType "swiss (rapid)"]
[EventRounds "9"]
[EventCountry "FRA"]
[SourceTitle "EXT 2025"]
[Source "ChessBase"]
[SourceDate "2024.10.14"]
[SourceVersion "1"]
[SourceVersionDate "2024.10.14"]
[SourceQuality "1"]

1. d4 d5 2. c4 e6 3. Nf3 Nf6 4. g3 c6 5. Bg2 Nbd7 6. 0-0 dxc4 7. a4 a5 8. Qc2 Nb6 9. Nbd2 Nfd5 10. Nxc4 Nb4 11. Qc3 Nxc4 12. Qxc4 Be7 13. Rd1 0-0 14. e4 b6 15. Bf4 Ba6 16. Qb3 Rc8 17. Rac1 Qd7 18. Ne5 Qb7 19. Rc3 Rfd8 20. Be3 Bf6 21. Ng4 Be7 22. Ne5 Bf6 23. f4 c5 24. dxc5 Rxd1+ 25. Qxd1 Bxe5 26. fxe5 bxc5 27. Bxc5 h6 28. Bxb4 Qxb4 29. Rxc8+ Bxc8 30. h4 Bb7 31. Qc2 Qd4+ 32. Kh2 Qxe5 33. b3 g5 34. hxg5 hxg5 35. Qd2 Kg7 36. b4 axb4 37. Qxb4 Bc6 38. a5 Kg6 39. Bf3 g4 40. Bxg4 Bxe4 41. a6 f5 42. Bh3 Qa1 43. Bxf5+ 0-1